Normal view
MARC view
- Ellis, Joseph J
Entry Personal Name
001 - CONTROL NUMBER
- control field: 133890
003 - CONTROL NUMBER IDENTIFIER
- control field: NUST
005 - DATE AND TIME OF LATEST TRANSACTION
- control field: 20260406122406.0
008 - FIXED-LENGTH DATA ELEMENTS
- fixed length control field: 260406|| aca||aabn | a|a d
040 ## - CATALOGING SOURCE
- Original cataloging agency: NUST
- Transcribing agency: NUST
100 ## - HEADING--PERSONAL NAME
- Personal name: Ellis, Joseph J
670 ## - SOURCE DATA FOUND
- Source citation: Work cat.: (NUST): Ellis, Joseph J., Founding Brothers: The Revolutionary Generation /, 2000.
